Finales de l'Euro (du match la plus serré au moins serré) - Statistiques

Statistiques générales
  • Ce quiz a été pris 62 fois
  • Le résultat moyen est 9 sur 15
Statistiques - réponses
Année Score Match % Correct
2016 1-0 a.p. Portugal - France
96%
2000 2-1 b.e.o. France - Italie
90%
2012 4-0 Espagne - Italie
87%
2008 1-0 Espagne - Allemagne
85%
2004 1-0 Grèce - Portugal
81%
1984 2-0 France - Espagne
75%
1992 2-0 Danemark - Allemagne
60%
1996 2-1 b.e.o. Allemagne - République Tchèque
48%
1976 2-2 (5-3 tab) Tchécoslovaquie - Allemagne de l'Ouest
48%
1988 2-0 Pays-Bas - Union soviétique
42%
1972 3-0 Allemagne de l'Ouest - Union soviétique
38%
1980 2-1 Allemagne de l'Ouest - Belgique
31%
1960 2-1 a.p. Union soviétique - Yougoslavie
29%
1968 1-1 (2-0 match rejoué) Italie - Yougoslavie
25%
1964 2-1 Espagne - Union soviétique
23%
Aucun quiz correspondant
Distribution des résultats
% des personnes avec chaque résultat
Percentile par nombre de réponses
Votre historique - résultats
Vous n’avez pas pris ce quiz